00711nam a2200169 a 450000100100000000500170001000800410002704000250006808200150009311000990010824501130020726000640032030000180038404900090040295201130041199900170052400001673720200929164944.0100310s1973 dr 000 0 spa d aDO-SdBNPbspacBNPHU axxxbR426m1 aRepública DominicanabSecretaría de Estado de FinanzasbSuperintendencia de Seguros93711110aManual de estudio y guía de examen para obtener las licencias de intermediarios en operaciones de seguros. aSanto Domingo :bSecretaría de Estado de Finanzas,c1973. a168 ;c29 cm. aBNPD 0010718PDaPDbPDcCTd2010-03-10iLF1l0oxxx R426mp16737-10r2020-06-25w2020-06-25yLFPDZNo se presta c16269d16269